The magyars (Registro nro. 92640)

Detalles MARC
000 -LEADER
campo de control de longitud fija 00606nam a2200217 i 4500
001 - NÚMERO DE CONTROL
campo de control 92640
003 - IDENTIFICADOR DE NÚMERO DE CONTROL
campo de control ES-MaACL
005 - FECHA Y HORA DE LA ÚLTIMA TRANSACCIÓN
campo de control 20230906181024.0
007 - CAMPO FIJO DE DESCRIPCIÓN FÍSICA--INFORMACIÓN GENERAL
campo de control de longitud fija t|
008 - DATOS DE LONGITUD FIJA--INFORMACIÓN GENERAL
campo de control de longitud fija 050411s1996 hu ||||1| eng d
020 ## - NÚMERO INTERNACIONAL ESTÁNDAR DEL LIBRO
Número Internacional Estándar del Libro 963-13-4226-3
080 ## - NÚMERO DE LA CLASIFICACIÓN DECIMAL UNIVERSAL
Número de la Clasificación Decimal Universal 94(439)
080 ## - NÚMERO DE LA CLASIFICACIÓN DECIMAL UNIVERSAL
Número de la Clasificación Decimal Universal 930.85(439)
100 1# - ENTRADA PRINCIPAL--NOMBRE DE PERSONA
Nombre de persona László, Gyula.
9 (RLIN) 70509
245 14 - MENCIÓN DEL TÍTULO
Título The magyars
Resto del título : their life and civilisation /
Mención de responsabilidad, etc. by Gyula László.
260 ## - PUBLICACIÓN, DISTRIBUCIÓN, ETC.
Lugar de publicación, distribución, etc. [S.l.] :
Nombre del editor, distribuidor, etc. Corvina,
Fecha de publicación, distribución, etc. [1996]
300 ## - DESCRIPCIÓN FÍSICA
Extensión 363 p. ;
Dimensiones 19 cm.
650 14 - PUNTO DE ACCESO ADICIONAL DE MATERIA--TÉRMINO DE MATERIA
Término de materia o nombre geográfico como elemento de entrada Magiares.
9 (RLIN) 14733
651 #4 - PUNTO DE ACCESO ADICIONAL DE MATERIA--NOMBRE GEOGRÁFICO
Nombre geográfico Hungria-
Subdivisión general Historia-
Subdivisión cronológica 896-1301.
9 (RLIN) 8831
852 ## - LOCALIZACIÓN
Ubicación ES-MaACL
Número de control de estantería E-10932
Sublocalización o colección R.135770
Existencias
Estatus retirado Estado de pérdida Estado de daño No para préstamo Biblioteca de origen Biblioteca actual Ubicación en estantería Fecha de adquisición Fuente de adquisición Total de préstamos Signatura topográfica completa Código de barras Visto por última vez Precio de reemplazo Tipo de ítem Koha
        Biblioteca del Ateneo de Madrid Biblioteca del Ateneo de Madrid Depósito 2 17/01/2008     E-10932 1096714 23/02/2023 23/02/2023 Libro impreso